Five Biggest Towns of Each County in Hungary - Statistics

General Stats
  • This quiz has been taken 142 times
    141 since last reset
  • The average score is 58 of 95
Answer Stats
County Population Town % Correct
Baranya 139,412 Pécs
98%
Békés 17,282 Békés
92%
Győr-Moson-Sopron 129,373 Győr
92%
Győr-Moson-Sopron 60,820 Sopron
92%
Hajdú-Bihar 202,130 Debrecen
91%
Borsod-Abaúj-Zemplén 141,440 Miskolc
90%
Csongrád-Csanád 157,282 Szeged
90%
Jász-Nagykun-Szolnok 65,564 Szolnok
90%
Heves 48,686 Eger
89%
Pest 71,495 Érd
89%
Komárom-Esztergom 28,521 Esztergom
89%
Bács-Kiskun 108,651 Kecskemét
89%
Békés 53,944 Békéscsaba
88%
Fejér 95,241 Székesfehérvár
86%
Veszprém 55,118 Veszprém
86%
Komárom-Esztergom 23,663 Tata
85%
Komárom-Esztergom 64,785 Tatabánya
85%
Szabolcs-Szatmár-Bereg 114,873 Nyíregyháza
84%
Nógrád 30,416 Salgótarján
82%
Vas 76,918 Szombathely
82%
Somogy 58,459 Kaposvár
81%
Zala 53,960 Zalaegerszeg
81%
Komárom-Esztergom 19,862 Komárom
80%
Somogy 23,806 Siófok
80%
Tolna 29,337 Szekszárd
80%
Borsod-Abaúj-Zemplén 30,056 Ózd
77%
Békés 27,616 Gyula
75%
Győr-Moson-Sopron 33,743 Mosonmagyaróvár
75%
Pest 36,125 Cegléd
73%
Heves 27,294 Gyöngyös
73%
Csongrád-Csanád 41,669 Hódmezővásárhely
73%
Jász-Nagykun-Szolnok 25,323 Jászberény
70%
Tolna 17,873 Paks
70%
Zala 42,042 Nagykanizsa
69%
Bács-Kiskun 32,401 Baja
68%
Fejér 41,193 Dunaújváros
68%
Hajdú-Bihar 23,871 Hajdúszoboszló
68%
Pest 33,871 Vác
67%
Bács-Kiskun 28,382 Kiskunfélegyháza
66%
Bács-Kiskun 25,717 Kiskunhalas
65%
Csongrád-Csanád 15,317 Csongrád
64%
Heves 19,505 Hatvan
63%
Csongrád-Csanád 21,703 Makó
63%
Pest 42,630 Dunakeszi
61%
Zala 17,455 Keszthely
61%
Nógrád 13,706 Balassagyarmat
60%
Borsod-Abaúj-Zemplén 23,608 Kazincbarcika
60%
Tolna 10,518 Tolna
60%
Borsod-Abaúj-Zemplén 15,413 Mezőkövesd
58%
Hajdú-Bihar 29,304 Hajdúböszörmény
57%
Baranya 21,567 Komló
57%
Veszprém 26,007 Ajka
56%
Vas 11,654 Kőszeg
56%
Baranya 17,054 Mohács
56%
Veszprém 28,240 Pápa
56%
Csongrád-Csanád 24,482 Szentes
55%
Baranya 9,383 Szigetvár
53%
Borsod-Abaúj-Zemplén 14,060 Tiszaújváros
53%
Békés 24,859 Orosháza
52%
Pest 40,132 Szigetszentmiklós
52%
Szabolcs-Szatmár-Bereg 14,848 Mátészalka
51%
Vas 13,919 Sárvár
51%
Békés 14,310 Szarvas
51%
Szabolcs-Szatmár-Bereg 14,616 Kisvárda
50%
Komárom-Esztergom 17,510 Oroszlány
49%
Heves 9,870 Heves
48%
Jász-Nagykun-Szolnok 18,022 Karcag
48%
Győr-Moson-Sopron 9,572 Csorna
45%
Bács-Kiskun 14,257 Kalocsa
45%
Vas 10,062 Körmend
45%
Győr-Moson-Sopron 9,974 Kapuvár
44%
Veszprém 19,265 Várpalota
44%
Hajdú-Bihar 17,058 Balmazújváros
43%
Nógrád 11,056 Bátonyterenye
43%
Hajdú-Bihar 15,986 Hajdúnánás
43%
Nógrád 5,138 Szécsény
43%
Tolna 11,788 Bonyhád
42%
Tolna 16,752 Dombóvár
42%
Vas 9,600 Celldömölk
41%
Fejér 13,811 Gárdony
41%
Baranya 8,603 Siklós
41%
Jász-Nagykun-Szolnok 18,963 Törökszentmiklós
41%
Fejér 13,256 Mór
39%
Veszprém 13,829 Tapolca
39%
Heves 7,098 Füzesabony
38%
Nógrád 8,379 Pásztó
38%
Zala 6,820 Lenti
36%
Fejér 11,396 Sárbogárd
36%
Somogy 9,454 Barcs
34%
Somogy 10,373 Marcali
33%
Somogy 9,218 Nagyatád
33%
Zala 5,665 Zalaszentgrót
31%
Szabolcs-Szatmár-Bereg 12,238 Tiszavasvári
30%
Jász-Nagykun-Szolnok 15,257 Mezőtúr
28%
Szabolcs-Szatmár-Bereg 12,129 Újfehértó
25%
No matching quizzes found
Score Distribution
Percent of People with Each Score
Percentile by Number Answered
Your Score History
You have not taken this quiz since the last reset